[Event "Igualada op 15th"]
[Site "Igualada"]
[Date "2020.01.25"]
[Round "3"]
[White "Vila Lopez, Joan"]
[Black "Vilella Bertran, Joan"]
[Result "0-1"]
[WhiteElo "1635"]
[BlackElo "2017"]
[PlyCount "98"]
[EventDate "2020.01.11"]
[EventType "swiss"]
[EventRounds "8"]
[EventCountry "ESP"]
[SourceTitle "CBM 195 Extra"]
[Source "ChessBase"]
[SourceDate "2020.05.31"]
[SourceVersion "1"]
[SourceVersionDate "2020.05.31"]
[SourceQuality "1"]

1. d4 Nf6 2. Nf3 d5 3. Bf4 Bf5 4. e3 e6 5. c4 Bxb1 6. Qa4+ Qd7 7. Qxd7+ Nbxd7 8. Rxb1 Bb4+ 9. Ke2 Ne4 10. cxd5 exd5 11. a3 Ba5 12. h3 0-0 13. g4 Rac8 14. Bg2 c6 15. Rhc1 Bc7 16. Bxc7 Rxc7 17. b4 Rfc8 18. Nd2 Nxd2 19. Kxd2 Nb6 20. Bf1 a6 21. Rc2 Re7 22. Bd3 Rce8 23. Re1 h6 24. Ra2 Nc8 25. a4 Nd6 26. Rb1 Ra8 27. Rab2 b5 28. a5 Nc4+ 29. Bxc4 bxc4 30. Kc3 Rf8 31. Rg1 g5 32. Re2 Rfe8 33. Rg3 Kg7 34. Rf3 Kg6 35. Re1 Re4 36. Rg1 R8e6 37. Rgg3 f6 38. Kd2 Re8 39. Kc3 Rh8 40. Rf5 h5 41. Rgf3 Re6 42. Rg3 hxg4 43. hxg4 Rh4 44. Rff3 Re4 45. Rh3 Rexg4 46. Rxh4 Rxh4 47. Rg3 f5 48. Rg1 Rh3 49. Kd2 Kf6 0-1

[Event "Vilafranca del Penedes op 11th"]
[Site "Vilafranca del Penedes"]
[Date "2017.03.31"]
[Round "1"]
[White "Vila Lopez, Joan"]
[Black "Gual Pascual, Antonio"]
[Result "0-1"]
[WhiteElo "1928"]
[BlackElo "2483"]
[PlyCount "36"]
[EventDate "2017.03.31"]
[EventType "swiss"]
[EventRounds "8"]
[EventCountry "ESP"]
[SourceTitle "EXT 2018"]
[Source "ChessBase"]
[SourceDate "2017.10.13"]
[SourceVersion "1"]
[SourceVersionDate "2017.10.13"]
[SourceQuality "1"]

1. d4 g6 2. Nf3 Bg7 3. c3 d6 4. Nbd2 Nf6 5. e4 0-0 6. Be2 Nc6 7. 0-0 e5 8. Re1 Nh5 9. Nf1 Nf4 10. Bc4 Qf6 11. Ne3 Ne7 12. dxe5 dxe5 13. Nd5 Nexd5 14. exd5 Bg4 15. Be2 Rad8 16. c4 c6 17. g3 Nxe2+ 18. Qxe2 Bxf3 0-1